书目信息 |
| 题名: |
蓝花
|
|
| 作者: | 菲兹杰拉德 著 ;鲁刚 译 | |
| 分册: | ||
| 出版信息: | 北京 新星出版社 2008.03 |
|
| 页数: | 213页 | |
| 开本: | 21cm | |
| 丛书名: | ||
| 单 册: | ||
| 中图分类: | I561.45 | |
| 科图分类: | ||
| 主题词: | 长篇小说--英国--现代 , 长篇小说 | |
| 电子资源: | ||
| ISBN: | 978-7-80225-437-4 | |
| 000 | 01155nam0 2200289 450 | |
| 001 | 1159624421 | |
| 005 | 20111207170818.25 | |
| 010 | @a978-7-80225-437-4@dCNY25.00 | |
| 090 | @aI561.45@bfcj | |
| 096 | @aI561.45@bfcj | |
| 100 | @a20081113d2008 em y0chiy50 ea | |
| 101 | 1 | @achi@ceng |
| 102 | @aCN@b110000 | |
| 105 | @ay z 000ay | |
| 200 | 1 | @a蓝花@9lan hua@b专著@dThe blue flower@f(英)佩内洛普·菲茨杰拉德(Penelope Fitzgerald)著@g鲁刚译@zeng |
| 210 | @a北京@c新星出版社@d2008.03 | |
| 215 | @a213页@d21cm | |
| 300 | @a获美国国家图书评论奖 | |
| 330 | @a本书内容为:他有着一个刻板守旧的宗教家庭,他结识了大名鼎鼎的哲学家,他邂逅了一个懵懂无知的小女孩,他蜕变成了著名的浪漫主义诗人;他十四岁的未婚妻,在没有麻醉的情形下,任凭外科大夫在她瘦小、无助的腹部上举起了明晃晃的手术刀等,这是十八世纪最真实也是最尖厉的“蓝花”之恋。 | |
| 510 | 1 | @aBlue flower@zeng |
| 606 | 0 | @a长篇小说@y英国@z现代 |
| 606 | 0 | @a长篇小说 |
| 690 | @aI561.45@v4 | |
| 701 | 0 | @c(英)@a菲兹杰拉德@c(女,Fitzgerald, Penelope@f1916~2000)@4著@9fei zi jie la de |
| 702 | 0 | @a鲁刚@c(翻译)@4译@9lu gang |
| 801 | 0 | @aCN@b110120@c20080415 |
| 905 | @aZUCC@dI561.45@eF3241 | |
| 蓝花=The blue flower/(英)佩内洛普·菲茨杰拉德(Penelope Fitzgerald)著/鲁刚译.-北京:新星出版社,2008.03 |
| 213页;21cm |
| 获美国国家图书评论奖 |
| ISBN 978-7-80225-437-4:CNY25.00 |
| 本书内容为:他有着一个刻板守旧的宗教家庭,他结识了大名鼎鼎的哲学家,他邂逅了一个懵懂无知的小女孩,他蜕变成了著名的浪漫主义诗人;他十四岁的未婚妻,在没有麻醉的情形下,任凭外科大夫在她瘦小、无助的腹部上举起了明晃晃的手术刀等,这是十八世纪最真实也是最尖厉的“蓝花”之恋。 |
| ● |
| 相关链接 |
|
|
|
正题名:蓝花
索取号:I561.45/F3241
 
预约/预借
| 序号 | 登录号 | 条形码 | 馆藏地/架位号 | 状态 | 备注 |
| 1 | 826558 | 208265580 | 社科二线422/422社科库 37排2列4层/ [索取号:I561.45/F3241] | 在馆 | |
| 2 | 826559 | 208265599 | 文学库116/116文学库 20排5列6层/ [索取号:I561.45/F3241] | 在馆 | |
| 3 | 826566 | 208265660 | 文学库116/116文学库 20排5列6层/ [索取号:I561.45/F3241] | 在馆 |